Urban sprawl - european patters & policy (Record no. 106154)
[ view plain ]
| 000 -LEADER | |
|---|---|
| fixed length control field | 00371cam a2200145 4500 |
| 001 - CONTROL NUMBER | |
| control field | L135687 |
| 008 - FIXED-LENGTH DATA ELEMENTS--GENERAL INFORMATION | |
| fixed length control field | 061124n2007 000 0 eng u |
| 020 ## - INTERNATIONAL STANDARD BOOK NUMBER | |
| International Standard Book Number | 140513917X |
| 035 ## - SYSTEM CONTROL NUMBER | |
| System control number | (Sirsi) u135687 |
| 245 ## - TITLE STATEMENT | |
| Title | Urban sprawl - european patters & policy |
| 260 ## - PUBLICATION, DISTRIBUTION, ETC. | |
| Place of publication, distribution, etc. | Blackwell Publishing |
| -- | 2007 |
| 350 ## - PRICE (NR) (BK AM CF MU VM SE) [OBSOLETE] | |
| Price | 45.00 |
| 520 ## - SUMMARY, ETC. | |
| Summary, etc. | Due for publication 2007 |
| 942 ## - ADDED ENTRY ELEMENTS (KOHA) | |
| Suppress in OPAC | 0 |
No items available.